02020 am a2200457 a 450000500170000000800410001702000080005804100080006624501430007425000110021726000370022830000110026550001940027665300600047065300520053065300400058265300490062265300370067165300300070865300390073865300390077765300600081665300430087665300410091965300420096065300400100265300250104265300310106765300320109865300290113065300460115965300570120565300490126270000360131170000350134770000360138270000360141870000300145470000350148470000430151920240522104418.0100325q1990||||ag d f |||| 000 0 spa d aS/N aspa aHipertensión Arterial.bAreas de cardiología de los hospitales del gobierno de la ciudad de Buenos Aires / cHoracio Romero Villanueva a1a ed. aBuenos Aires: bRoemmers;c1999? a219 p. aRomero Villanueva, H. (Ed.). et al. (1999?). Hipertensión Arterial. Áreas de cardiología de los hospitales del gobierno de la ciudad de Buenos Aires. (1a ed.) Buenos Aires : Roemmers. aFisiopatología de la hipertensión arterial primaria aRiesgo cardiovascular e hipertensión arterial aMedición de la presión arterial aMonitoreo ambulatorio de la presion arterial aHipertensión arterial esencial aHipertensión secundaria aHipertensión arterial y diabetes aObesidad e hipertensión arterial aHipertensión arterial y apnea obstructiva del sueño aHipertensión arterial en el embarazo aHipertensión arterial y menopausia aHipertensión arterial en el anciano aHipertensión arterial refractaria aCrisis hipertensivas aTerapia no farmacológica aTratamiento farmacológico aDrogas antihipertensivas aInteracciones de drogas antihipertensivas aGuías para el manejo de la hipertensión arterial aNuevos fármacos hipotensores en desarrollo1 aRomero Villanueva, HoracioeEd.1 aDominé, Enrique MarceloeEd.1 aMezzalira, VictoreEd. asociado1 aSalzberg, SimóneEd. asociado1 aVidal, LuiseEd. asociado1 aKirszner, TobiaseEd. asociado1 aHirschson Prado, AlfredoeEd. asociado